00614 2200205 4500001002100000005001700021008004100038035002400079090001800103100002600121245011600147260002800263300002500291650002700316850002100343980001400364985000600378986000900384999001500393YOGYA-0209000004237820090227025848.0 ind  0010-020900000042378 a364bSur KlT aSURIADIREJA, R. Sidik aKriminologibilmu pengetahuan tentang sebab-sebab kejahatan secara ringkascdisadur oleh R. Sidik Soeriadiredja aBogorbPoliteiac[1955] a72 hlmbilus.6c19 cm aKejahatan dan penjahat aYOPDYOG [TRM 29] a24-7-2007 a1 aRuni a07A0024667